zpět

Detail výsledku týmu

Pivní burza Jánská, Brno

Datum a čas kvízu

31 Celkem bodů Celkový počet nahraných bodů na tomto kvízu bez doplňovacích otázek.
2. Pořadí na kvízu Konečné umístění týmu na tomto kvízu.

Zaznamenané odpovědi

# Otázka Odpověď Body Výsledky
1. Minulou středu byly uděleny ce... 0
2. Úřady a zdravotnické instituce... 1
3. Jak se jmenuje nové album skup... 0
4. Aktuální vydání gastronomickéh... 1
5. Vedení Kontinentální hokejové... 0
6. Zaměříme se na nová slova v če... 1
7. Jeden z našich nejdůraznějších... 1
8. Mezi několik málo slov, která... 1
9. Jak se nazývá termín, který by... 1
10. Tvorba neologismů není jen zál... 1